Learning Resource and Development

Fluids and electrolytes (Record no. 4484)

MARC details
000 -LEADER
fixed length control field 00784nam a22002297a 4500
005 - DATE AND TIME OF LATEST TRANSACTION
control field 20230512222054.0
008 - FIXED-LENGTH DATA ELEMENTS--GENERAL INFORMATION
fixed length control field 180517t xxu||||| |||| 00| 0 eng d
020 ## - INTERNATIONAL STANDARD BOOK NUMBER
International Standard Book Number 1582554250
040 ## - CATALOGING SOURCE
Transcribing agency CSPC
082 0# - DEWEY DECIMAL CLASSIFICATION NUMBER
Classification number 616.3992
Item number F673
110 0# - MAIN ENTRY--CORPORATE NAME
Corporate name or jurisdiction name as entry element Lippincott Williams & Wilkins.
245 00 - TITLE STATEMENT
Title Fluids and electrolytes
Remainder of title a 2-in-1 reference for nurses
260 ## - PUBLICATION, DISTRIBUTION, ETC.
Place of publication, distribution, etc. Philadelphia :
Name of publisher, distributor, etc. Lippincott Williams & Wilkins ;
Date of publication, distribution, etc. 2006.
300 ## - PHYSICAL DESCRIPTION
Extent x, 310 pages :
Other physical details figures, tables ;
Dimensions 23 cm.
500 ## - GENERAL NOTE
General note Includes Index.
650 10 - SUBJECT ADDED ENTRY--TOPICAL TERM
Topical term or geographic name entry element Water-electrolyte balance (Physiology).
650 10 - SUBJECT ADDED ENTRY--TOPICAL TERM
Topical term or geographic name entry element Water-electrolyte imbalances
Form subdivision Nursing.
940 ## - EQUIVALENCE OR CROSS-REFERENCE--UNIFORM TITLE [OBSOLETE] [CAN/MARC only]
Uniform title <a href="yves">yves</a>
942 ## - ADDED ENTRY ELEMENTS (KOHA)
Koha item type
-- NUR 616.3992 F673 2006
Holdings
Withdrawn status Lost status Damaged status Not for loan Home library Current library Shelving location Date acquired Total Checkouts Full call number Barcode Date last seen Date last checked out Copy number Price effective from Koha item type
        Main Library Main Library Nursing Section 05/12/2023 3 NUR 616.3992 F673 2006 008225 10/08/2024 09/23/2024 3-5 05/12/2023 Books
        Main Library Main Library Nursing Section 05/12/2023 4 NUR 616.3992 F673 2006 008223 12/13/2024 11/13/2024 4-5 05/12/2023 Books
        Main Library Main Library Nursing Section 05/12/2023 2 NUR 616.3992 F673 2006 008227 11/13/2024 09/23/2024 5-5 05/12/2023 Books
        Main Library Main Library Nursing Section 05/12/2023 1 NUR 616.3992 F673 2006 008224 09/18/2024 08/22/2024 2-5 05/12/2023 Books
        Main Library Main Library Nursing Section 05/12/2023 1 NUR 616.3992 F673 2006 008226 09/23/2024 08/22/2024 1-5 05/12/2023 Books